Capitales sans les lettres de "Stockholm" - Statistiques

Statistiques générales
  • Ce quiz a été pris 6 fois
  • Le résultat moyen est 4 sur 15
Statistiques - réponses
Continents Capitales % Correct
Europe Riga
60%
Asie Riyad
60%
Europe Berne
40%
Asie Erevan
40%
Afrique Abuja
20%
Asie Bagdad
20%
Europe Prague
20%
Afrique Praia
20%
Europe Vaduz
20%
Europe Vienne
20%
Océanie Yaren
20%
Europe Zagreb
20%
Océanie Apia
0%
Afrique Bangui
0%
Asie Naypyidaw
0%
Aucun quiz correspondant
Distribution des résultats
% des personnes avec chaque résultat
Percentile par nombre de réponses
Votre historique - résultats
Vous n’avez pas pris ce quiz